[Event "España ch Universitario 2007"]
[Site "Cartagena ESP"]
[Date "2007.05.09"]
[Round "6.27"]
[White "Martinez Piqueras, Carlos Gustavo"]
[Black "Romon Poves, Raul"]
[Result "0-1"]
[WhiteElo "2090"]
[BlackElo "2216"]
[PlyCount "74"]
[EventDate "2007.05.06"]
[EventType "swiss"]
[EventRounds "9"]
[EventCountry "ESP"]
[Source "lmi"]
[SourceDate "2007.05.06"]

1. d4 d5 2. c4 c6 3. Nf3 Nf6 4. Nc3 e6 5. g3 Be7 6. Bg2 O-O 7. O-O Nbd7 8. b3
b6 9. Qc2 Ba6 10. Nd2 b5 11. e4 dxc4 12. bxc4 bxc4 13. Rd1 Qa5 14. Bb2 Rab8 15.
Rab1 Rb6 16. Bf1 Qh5 17. Kg2 c5 18. Nxc4 Rb4 19. Be2 Qg6 20. Ne5 Nxe5 21. dxe5
Bxe2 22. Qxe2 Nxe4 23. Nxe4 Rxe4 24. Qc2 Rb8 25. Bc3 Rxb1 26. Rxb1 h5 27. Rb8+
Kh7 28. Rb7 h4 29. f3 h3+ 30. Kf2 Rc4 31. Qxg6+ Kxg6 32. Rxe7 Rxc3 33. Rxa7
Rc2+ 34. Kg1 Rg2+ 35. Kh1 c4 36. a4 Ra2 37. Kg1 c3 0-1

[Event "España ch Universitario 2007"]
[Site "Cartagena ESP"]
[Date "2007.05.09"]
[Round "6.28"]
[White "Tamayo Romay, Francisco Javier"]
[Black "Jimenez Lopez, Antonio"]
[Result "1-0"]
[WhiteElo "2210"]
[BlackElo "2131"]
[PlyCount "69"]
[EventDate "2007.05.06"]
[EventType "swiss"]
[EventRounds "9"]
[EventCountry "ESP"]
[Source "lmi"]
[SourceDate "2007.05.06"]

1. e4 c5 2. d4 cxd4 3. c3 d3 4. Bxd3 Nc6 5. c4 d6 6. Ne2 g6 7. O-O Bg7 8. Nbc3
Nf6 9. Bg5 h6 10. Bf4 O-O 11. Qd2 Kh7 12. Rad1 Nd7 13. b3 Nc5 14. Bb1 a6 15.
Nd5 Be6 16. Be3 Bxd5 17. exd5 Ne5 18. Bd4 b5 19. f4 Ng4 20. Bxg7 Kxg7 21. f5
bxc4 22. bxc4 Qd7 23. Rf4 Ne5 24. Rdf1 Qa7 25. Kh1 Ncd7 26. fxg6 fxg6 27. Nd4
Rf6 28. Ne6+ Kh7 29. h4 Rg8 30. h5 Rxf4 31. Qxf4 Nf6 32. Bxg6+ Nxg6 33. hxg6+
Kxg6 34. Qf5+ Kf7 35. Qh7+ 1-0

[Event "España ch Universitario 2007"]
[Site "Cartagena ESP"]
[Date "2007.05.09"]
[Round "6.29"]
[White "Garcia Tejera, Daniel"]
[Black "Aymerich Rosell, Pablo"]
[Result "1/2-1/2"]
[WhiteElo "2089"]
[BlackElo "2208"]
[PlyCount "24"]
[EventDate "2007.05.06"]
[EventType "swiss"]
[EventRounds "9"]
[EventCountry "ESP"]
[Source "lmi"]
[SourceDate "2007.05.06"]

1. g3 e5 2. d3 Nc6 3. Bg2 Nf6 4. e4 d5 5. Nd2 Be7 6. h3 O-O 7. Ne2 Re8 8. O-O
h6 9. c3 dxe4 10. dxe4 Bc5 11. Kh2 a5 12. Nc4 Qxd1 1/2-1/2

[Event "España ch Universitario 2007"]
[Site "Cartagena ESP"]
[Date "2007.05.09"]
[Round "6.31"]
[White "Mestres Cochs, Joan"]
[Black "Peñalosa Pinillas, Jesus"]
[Result "0-1"]
[WhiteElo "2082"]
[BlackElo "2201"]
[PlyCount "54"]
[EventDate "2007.05.06"]
[EventType "swiss"]
[EventRounds "9"]
[EventCountry "ESP"]
[Source "lmi"]
[SourceDate "2007.05.06"]

1. e4 c5 2. Nf3 e6 3. c4 d6 4. d4 cxd4 5. Nxd4 Nf6 6. Nc3 Be7 7. Be2 O-O 8. O-O
Nc6 9. Be3 a6 10. f4 Qc7 11. Bf3 Rb8 12. Qd2 Re8 13. Rad1 Bf8 14. f5 Ne5 15.
fxe6 fxe6 16. b3 Nfd7 17. Bh5 g6 18. Be2 Nc5 19. Bh6 Bd7 20. Rf2 Bxh6 21. Qxh6
Rf8 22. Rdf1 Rxf2 23. Rxf2 Re8 24. Rf6 Qd8 25. Qf4 Kg7 26. Nd5 exd5 27. Rxd6
dxe4 0-1

[Event "España ch Universitario 2007"]
[Site "Cartagena ESP"]
[Date "2007.05.09"]
[Round "6.32"]
[White "Leranoz Zabalza, Adrian"]
[Black "Rosa Cintas, Raul"]
[Result "0-1"]
[WhiteElo "2061"]
[BlackElo "2192"]
[PlyCount "84"]
[EventDate "2007.05.06"]
[EventType "swiss"]
[EventRounds "9"]
[EventCountry "ESP"]
[Source "lmi"]
[SourceDate "2007.05.06"]

1. e4 Nf6 2. e5 Nd5 3. d4 d6 4. Nf3 Bg4 5. Be2 c6 6. O-O Bxf3 7. Bxf3 dxe5 8.
dxe5 e6 9. c4 Ne7 10. Qb3 Qc7 11. Be4 Nd7 12. f4 Nc5 13. Qc2 Nxe4 14. Qxe4 Nf5
15. g4 Bc5+ 16. Kh1 Ne7 17. Be3 Bxe3 18. Qxe3 h5 19. g5 Nf5 20. Qf2 Qb6 21. Nc3
Qxf2 22. Rxf2 O-O-O 23. Rd1 Rxd1+ 24. Nxd1 Rd8 25. Nc3 Rd4 26. b3 Ne3 27. Rf3
Rd3 28. Ne2 Rd1+ 29. Ng1 Nf5 30. Rf2 g6 31. Kg2 Nh4+ 32. Kh1 a5 33. h3 Kc7 34.
Kh2 Kb6 35. Kg3 Rxg1+ 36. Kxh4 Rd1 37. Kg3 Kc5 38. Kf3 Kd4 39. Kg3 Rd3+ 40. Kg2
h4 41. Re2 Rg3+ 42. Kh2 Rf3 0-1

[Event "España ch Universitario 2007"]
[Site "Cartagena ESP"]
[Date "2007.05.09"]
[Round "6.33"]
[White "Torrado Quintela, Julio"]
[Black "Encinas Encinas, Alvaro"]
[Result "1-0"]
[WhiteElo "2184"]
[BlackElo "2106"]
[PlyCount "109"]
[EventDate "2007.05.06"]
[EventType "swiss"]
[EventRounds "9"]
[EventCountry "ESP"]
[Source "lmi"]
[SourceDate "2007.05.06"]

1. e4 c5 2. Nc3 e6 3. Nf3 Nc6 4. d4 cxd4 5. Nxd4 Nf6 6. Nxc6 bxc6 7. Bd3 d5 8.
O-O Be7 9. Re1 d4 10. Ne2 e5 11. Ng3 Bg4 12. f3 Be6 13. f4 exf4 14. Bxf4 O-O
15. Nf5 Re8 16. Nxe7+ Qxe7 17. Bg5 Qc5 18. Bxf6 gxf6 19. Qf3 Qe5 20. Rf1 Kg7
21. Rf2 a5 22. b3 a4 23. Raf1 axb3 24. axb3 Ra5 25. Qe2 Ra2 26. Rxf6 Qxf6 27.
Rxf6 Kxf6 28. Qf2+ Ke5 29. Qg3+ Kf6 30. e5+ Ke7 31. Qh4+ Kd7 32. Qxd4+ Kc7 33.
Qd6+ Kb7 34. Be4 Rc8 35. h3 Ra6 36. Bxh7 Rc7 37. Be4 Rd7 38. Qb4+ Rb6 39. Qc5
Bd5 40. Bxd5 cxd5 41. h4 Rc6 42. Qb5+ Kc7 43. Qd3 Re6 44. Qc3+ Rc6 45. Qg3 Kb7
46. h5 Rxc2 47. h6 Rc8 48. h7 Rdd8 49. Qf3 Kb8 50. b4 d4 51. Qd3 Rc3 52. Qb5+
Kc8 53. Qa6+ Kb8 54. Qb6+ Kc8 55. Qxd8+ 1-0

[Event "España ch Universitario 2007"]
[Site "Cartagena ESP"]
[Date "2007.05.09"]
[Round "6.34"]
[White "Eyo Castro-Rial, Alberto"]
[Black "Roig Aguilar, Alejandro"]
[Result "1/2-1/2"]
[WhiteElo "2176"]
[BlackElo "2102"]
[PlyCount "126"]
[EventDate "2007.05.06"]
[EventType "swiss"]
[EventRounds "9"]
[EventCountry "ESP"]
[Source "lmi"]
[SourceDate "2007.05.06"]

1. e4 c5 2. Nc3 Nc6 3. g3 g6 4. Bg2 Bg7 5. f4 d6 6. d3 e6 7. Nf3 Nge7 8. O-O
O-O 9. Be3 Nd4 10. Nh4 f5 11. exf5 gxf5 12. Rb1 Nec6 13. Ne2 Bf6 14. Nf3 Bd7
15. c3 Nxf3+ 16. Bxf3 Kh8 17. d4 cxd4 18. Nxd4 Qe7 19. Nb5 d5 20. Nd4 Rad8 21.
Re1 a6 22. Qd3 Qg7 23. Nxc6 Bxc6 24. Bb6 Rde8 25. Bh5 Re7 26. Bc5 Bd7 27. Rbd1
Qh6 28. Bxe7 Bxe7 29. Bf3 Bc5+ 30. Kh1 Rg8 31. Bg2 Bf2 32. Re3 Bxe3 33. Qxe3
Qf6 34. Qb6 Bc6 35. Re1 Rc8 36. Qe3 Re8 37. Kg1 Kg7 38. Qc5 Qf8 39. Qb6 Qd6 40.
Qd4+ Kg8 41. c4 Qb4 42. Rc1 dxc4 43. Bxc6 bxc6 44. Qd7 Qc5+ 45. Kf1 Re7 46.
Qc8+ Kg7 47. Qxa6 Qb5 48. Qxb5 cxb5 49. Ke2 e5 50. fxe5 Rxe5+ 51. Kd2 Rd5+ 52.
Ke3 Kf6 53. Rc2 Ke5 54. Rc3 h5 55. b3 cxb3 56. axb3 Rd1 57. Rc5+ Rd5 58. Rc8
Rd1 59. Rb8 Rd5 60. Rh8 Rc5 61. Rxh5 Rc3+ 62. Kd2 Rxb3 63. g4 Rf3 1/2-1/2

[Event "España ch Universitario 2007"]
[Site "Cartagena ESP"]
[Date "2007.05.09"]
[Round "6.35"]
[White "Alberola Mulet, Jairo"]
[Black "Mateos Gomez, Juan Francisco"]
[Result "1-0"]
[WhiteElo "2171"]
[BlackElo "2087"]
[PlyCount "91"]
[EventDate "2007.05.06"]
[EventType "swiss"]
[EventRounds "9"]
[EventCountry "ESP"]
[Source "lmi"]
[SourceDate "2007.05.06"]

1. e4 e5 2. Nf3 Nc6 3. d4 exd4 4. Nxd4 Nf6 5. Nxc6 bxc6 6. Bd3 Bb4+ 7. Nc3 Qe7
8. O-O Bb7 9. Bf4 O-O-O 10. a3 Bc5 11. Na4 Bd4 12. c3 Be5 13. Be3 d5 14. Nc5
Nxe4 15. Bxe4 dxe4 16. Qb3 Ba8 17. Qa4 Kb8 18. Qa6 Bd4 19. Bxd4 Rxd4 20. cxd4
f5 21. Rac1 Qxc5 22. dxc5 Bb7 23. Qc4 g5 24. Rcd1 h5 25. Rd7 h4 26. Qf7 Rc8 27.
Qxf5 h3 28. gxh3 Ba6 29. Rfd1 Bd3 30. Qxg5 Be2 31. R1d2 Bf3 32. Rd8 e3 33.
Rxc8+ Kxc8 34. Qxe3 Bh5 35. f4 a5 36. f5 a4 37. f6 Kb7 38. Qe7 Ka6 39. f7 Bxf7
40. Qxf7 Kb5 41. Qe7 Kc4 42. h4 Kb3 43. h5 Ka2 44. h6 Kb1 45. b4 Kc1 46. Qe1#
1-0

[Event "España ch Universitario 2007"]
[Site "Cartagena ESP"]
[Date "2007.05.09"]
[Round "6.36"]
[White "Alvarez Lopez, Carlos"]
[Black "Garcia Mendoza, Francisco"]
[Result "1-0"]
[WhiteElo "1879"]
[BlackElo "2171"]
[PlyCount "119"]
[EventDate "2007.05.06"]
[EventType "swiss"]
[EventRounds "9"]
[EventCountry "ESP"]
[Source "lmi"]
[SourceDate "2007.05.06"]

1. e4 c5 2. c3 Nf6 3. e5 Nd5 4. d4 cxd4 5. Nf3 e6 6. cxd4 b6 7. a3 Bb7 8. Bd3
Be7 9. O-O f5 10. exf6 Nxf6 11. Nc3 O-O 12. Re1 Nd5 13. Ne5 Qe8 14. Qg4 Nf6 15.
Qh3 Qh5 16. Qg3 Nc6 17. Be2 Qe8 18. Bh6 g6 19. Bxf8 Qxf8 20. Nxc6 Bxc6 21. Bf3
Rc8 22. Rad1 Bd6 23. Qh3 Qf7 24. Bxc6 Rxc6 25. Qf3 Rc8 26. d5 e5 27. Nb5 Bb8
28. d6 e4 29. Qg3 Rc2 30. Rc1 Rxb2 31. Rc8+ Kg7 32. Nd4 Qd5 33. Qc3 Qxd6 34.
Qxb2 Qxh2+ 35. Kf1 Be5 36. Qb4 Bd6 37. Qb3 Qh1+ 38. Ke2 Qxg2 39. Rc3 Bf4 40.
Rg3 Qh2 41. Nf5+ Kf8 42. Qb4+ d6 43. Reg1 Qh5+ 44. Ke1 Qxf5 45. Rc3 Nd5 46. Qb3
Nxc3 47. Qxc3 Qa5 48. Qxa5 bxa5 49. Ke2 Ke7 50. Rb1 d5 51. Rb7+ Kd6 52. Rxa7 h5
53. Rxa5 g5 54. Ra6+ Kc5 55. Ra8 h4 56. Kf1 h3 57. Rc8+ Kb6 58. Rd8 h2 59. Kg2
Kc6 60. Re8 1-0

[Event "España ch Universitario 2007"]
[Site "Cartagena ESP"]
[Date "2007.05.09"]
[Round "6.37"]
[White "Cortes Lizano, Jesus"]
[Black "Garcia Rodriguez, Victor"]
[Result "1-0"]
[WhiteElo "2247"]
[BlackElo "1980"]
[PlyCount "57"]
[EventDate "2007.05.06"]
[EventType "swiss"]
[EventRounds "9"]
[EventCountry "ESP"]
[Source "lmi"]
[SourceDate "2007.05.06"]

1. c4 Nf6 2. Nf3 g6 3. g3 Bg7 4. Bg2 O-O 5. O-O d6 6. Nc3 e5 7. d3 c6 8. Rb1
Be6 9. b4 Qc8 10. Re1 Ne8 11. b5 d5 12. bxc6 bxc6 13. Nd2 d4 14. Nce4 Bh3 15.
Ba3 Bxg2 16. Kxg2 f5 17. Bxf8 Bxf8 18. Ng5 h6 19. Ngf3 Nd7 20. Qa4 Bd6 21. c5
Nxc5 22. Qc4+ Qe6 23. Nxe5 Bxe5 24. Qxc5 Bd6 25. Qxd4 Qxa2 26. Nc4 Rd8 27. Ra1
Qb3 28. Reb1 Be7 29. Qxd8 1-0

[Event "España ch Universitario 2007"]
[Site "Cartagena ESP"]
[Date "2007.05.09"]
[Round "6.38"]
[White "Deruelle Sala, Albert"]
[Black "Rabadan Velasco, Raul"]
[Result "0-1"]
[WhiteElo "2109"]
[BlackElo "2281"]
[PlyCount "62"]
[EventDate "2007.05.06"]
[EventType "swiss"]
[EventRounds "9"]
[EventCountry "ESP"]
[Source "lmi"]
[SourceDate "2007.05.06"]

1. d4 d5 2. c4 Nc6 3. Nf3 Bg4 4. cxd5 Bxf3 5. gxf3 Qxd5 6. e3 e5 7. Nc3 Bb4 8.
a3 Bxc3+ 9. bxc3 Qd6 10. d5 Rd8 11. e4 Nce7 12. Qb3 Nf6 13. Rg1 O-O 14. Be3 b6
15. Qb4 c5 16. Qb3 Ng6 17. Bh3 Nf4 18. Bxf4 exf4 19. Rg5 h6 20. Rg2 Qe5 21. Kf1
Rfe8 22. Kg1 Nxd5 23. Rc1 Nxc3 24. Qc2 Nb5 25. Kh1 Nd4 26. Qc3 Ne2 27. Qxe5
Rxe5 28. Re1 Rd2 29. Rg4 g5 30. Bf1 Nd4 31. Kg2 h5 0-1

[Event "España ch Universitario 2007"]
[Site "Cartagena ESP"]
[Date "2007.05.09"]
[Round "6.50"]
[White "Pavon Cardenas, Jesus M"]
[Black "Ortiz Fernandez, David"]
[Result "1-0"]
[WhiteElo "2122"]
[BlackElo "1875"]
[PlyCount "51"]
[EventDate "2007.05.06"]
[EventType "swiss"]
[EventRounds "9"]
[EventCountry "ESP"]
[Source "lmi"]
[SourceDate "2007.05.06"]

1. e4 e6 2. d4 d5 3. e5 c5 4. c3 Qb6 5. Nf3 Bd7 6. Bd3 Bb5 7. O-O Bxd3 8. Qxd3
Nc6 9. a3 c4 10. Qc2 Na5 11. Qa4+ Kd8 12. Nbd2 Be7 13. Rb1 Qc7 14. b3 cxb3 15.
Nxb3 Nxb3 16. Qxb3 b6 17. Be3 Rc8 18. Rfc1 Qc4 19. Qb2 Qa4 20. Ra1 Nh6 21. Bxh6
gxh6 22. Qd2 Bf8 23. Qf4 Qd7 24. Qf6+ Kc7 25. Qxh8 Bxa3 26. Qxh7 1-0

[Event "España ch Universitario 2007"]
[Site "Cartagena ESP"]
[Date "2007.05.09"]
[Round "6.54"]
[White "Cabrero De Cabo, Miguel Angel"]
[Black "Pousada Garcia, Victor Manuel"]
[Result "1-0"]
[WhiteElo "2102"]
[BlackElo "1913"]
[PlyCount "39"]
[EventDate "2007.05.06"]
[EventType "swiss"]
[EventRounds "9"]
[EventCountry "ESP"]
[Source "lmi"]
[SourceDate "2007.05.06"]

1. g3 g6 2. f4 d5 3. Nf3 c5 4. Bg2 Bg7 5. d3 Nf6 6. O-O O-O 7. c3 b5 8. e4 Bb7
9. e5 Ne8 10. Be3 Nd7 11. Na3 Qb6 12. b4 a5 13. bxc5 Nxc5 14. Rb1 b4 15. Nc2
Qb5 16. cxb4 Na4 17. bxa5 Qa6 18. Qd2 Bc6 19. Nb4 Qb5 20. Nd4 1-0

[Event "España ch Universitario 2007"]
[Site "Cartagena ESP"]
[Date "2007.05.09"]
[Round "6.55"]
[White "Ares Campo, Iria"]
[Black "Casanellas Ruano, Lluis"]
[Result "1-0"]
[WhiteElo "1923"]
[BlackElo "2091"]
[PlyCount "39"]
[EventDate "2007.05.06"]
[EventType "swiss"]
[EventRounds "9"]
[EventCountry "ESP"]
[Source "lmi"]
[SourceDate "2007.05.06"]

1. e4 c6 2. d4 d5 3. f3 e6 4. Bd3 Nf6 5. Ne2 Be7 6. O-O b6 7. e5 Nfd7 8. c4 Ba6
9. b3 Bb7 10. f4 g6 11. Ba3 c5 12. cxd5 Bxd5 13. Nbc3 Bb7 14. Be4 Bxe4 15. Nxe4
cxd4 16. Bxe7 Qxe7 17. Nd6+ Kf8 18. Nxd4 Na6 19. Nc6 Qh4 20. Nxf7 1-0

[Event "España ch Universitario 2007"]
[Site "Cartagena ESP"]
[Date "2007.05.09"]
[Round "6.67"]
[White "Pastor Jimenez, Daniel"]
[Black "Castro Couceiro, Silvia"]
[Result "1-0"]
[WhiteElo "2009"]
[BlackElo "1873"]
[PlyCount "23"]
[EventDate "2007.05.06"]
[EventType "swiss"]
[EventRounds "9"]
[EventCountry "ESP"]
[Source "lmi"]
[SourceDate "2007.05.06"]

1. e4 d5 2. exd5 Nf6 3. d4 Nxd5 4. Nc3 Nxc3 5. bxc3 Nc6 6. Nf3 Bg4 7. Rb1 Rb8
8. Bc4 Na5 9. Bxf7+ Kxf7 10. Ne5+ Kg8 11. Qxg4 Qd5 12. Rb5 1-0

[Event "España ch Universitario 2007"]
[Site "Cartagena ESP"]
[Date "2007.05.09"]
[Round "6.75"]
[White "Margalef Hernandez, Jesus"]
[Black "Garcia Rodriguez, Vanessa"]
[Result "0-1"]
[WhiteElo "1931"]
[BlackElo "1997"]
[PlyCount "38"]
[EventDate "2007.05.06"]
[EventType "swiss"]
[EventRounds "9"]
[EventCountry "ESP"]
[Source "lmi"]
[SourceDate "2007.05.06"]

1. e4 e5 2. Nf3 Nc6 3. Bc4 Be7 4. c3 Nf6 5. d3 O-O 6. O-O d5 7. exd5 Nxd5 8. h3
Bf5 9. Re1 Bf6 10. Nbd2 Re8 11. Qb3 Na5 12. Qb5 c6 13. Qa4 b5 14. Bxb5 cxb5 15.
Qxb5 Rb8 16. Qa4 Bxd3 17. b4 Nc4 18. Ne4 Bxe4 19. Rxe4 Nxc3 0-1

[Event "España ch Universitario 2007"]
[Site "Cartagena ESP"]
[Date "2007.05.09"]
[Round "6.81"]
[White "Garcia Gil, Jesus"]
[Black "Arguelles Casas, Daniel"]
[Result "1-0"]
[WhiteElo "1791"]
[BlackElo "1942"]
[PlyCount "35"]
[EventDate "2007.05.06"]
[EventType "swiss"]
[EventRounds "9"]
[EventCountry "ESP"]
[Source "lmi"]
[SourceDate "2007.05.06"]

1. e4 e5 2. Nf3 Nc6 3. c3 d5 4. exd5 Qxd5 5. d4 exd4 6. cxd4 Bg4 7. Be2 O-O-O
8. Nc3 Qd7 9. d5 Qe7 10. O-O Nb8 11. Bf4 Bxf3 12. Bxf3 Qf6 13. Qa4 a6 14. Bg3
Nh6 15. Rac1 Nd7 16. Ne4 Qg6 17. Rxc7+ Kb8 18. Rxd7+ 1-0

[Event "España ch Universitario 2007"]
[Site "Cartagena ESP"]
[Date "2007.05.09"]
[Round "7.1"]
[White "Gonzalez Somoza, Oliver"]
[Black "Martinez Martin, David"]
[Result "1-0"]
[WhiteElo "2309"]
[BlackElo "2403"]
[PlyCount "93"]
[EventDate "2007.05.06"]
[EventType "swiss"]
[EventRounds "9"]
[EventCountry "ESP"]
[Source "lmi"]
[SourceDate "2007.05.06"]

1. Nf3 Nf6 2. c4 e6 3. g3 d5 4. Bg2 Be7 5. O-O O-O 6. Qc2 c5 7. d3 Nc6 8. a3
Re8 9. e4 d4 10. e5 Nd7 11. Qe2 Na5 12. Nbd2 Qc7 13. Re1 Rb8 14. b4 cxb4 15.
Nxd4 a6 16. axb4 Bxb4 17. Ba3 Bxa3 18. Rxa3 Qc5 19. Nc2 Nc6 20. Bxc6 Qxc6 21.
d4 b5 22. Nb4 Qc7 23. Nxa6 Bxa6 24. Rxa6 bxc4 25. Qxc4 Qb7 26. Rb1 Qc8 27. Qxc8
Rxb1+ 28. Nxb1 Rxc8 29. Nd2 h6 30. Kf1 Nf8 31. Ke2 Ng6 32. Ra7 Rc3 33. Ne4 Rb3
34. h4 Rb2+ 35. Kd3 Rb3+ 36. Kd2 Rb2+ 37. Kc3 Re2 38. Kd3 Rb2 39. h5 Nh8 40. g4
Rb3+ 41. Kd2 Rh3 42. Ra8+ Kh7 43. Rf8 Rh4 44. f3 Rh2+ 45. Ke3 Rh1 46. Nd6 Re1+
47. Kd2 1-0

[Event "España ch Universitario 2007"]
[Site "Cartagena ESP"]
[Date "2007.05.09"]
[Round "7.2"]
[White "Llaneza Vega, Marcos"]
[Black "Almagro Llamas, Pablo"]
[Result "1/2-1/2"]
[WhiteElo "2455"]
[BlackElo "2394"]
[PlyCount "45"]
[EventDate "2007.05.06"]
[EventType "swiss"]
[EventRounds "9"]
[EventCountry "ESP"]
[Source "lmi"]
[SourceDate "2007.05.06"]

1. e4 c6 2. Ne2 d5 3. e5 c5 4. d4 Nc6 5. c3 Bf5 6. Nd2 e6 7. Nf3 Bg4 8. Be3
Bxf3 9. gxf3 cxd4 10. Nxd4 Nxd4 11. Bxd4 Ne7 12. Qb3 Qd7 13. f4 Nc6 14. O-O-O
O-O-O 15. Be3 Kb8 16. Bb5 Qc7 17. Kb1 Na5 18. Qa4 a6 19. Be2 Be7 20. Qd4 Nc6
21. Qa4 Na5 22. Qd4 Nc6 23. Qa4 1/2-1/2

[Event "España ch Universitario 2007"]
[Site "Cartagena ESP"]
[Date "2007.05.09"]
[Round "7.3"]
[White "Trent, Lawrence"]
[Black "Ehsan, Ali"]
[Result "1-0"]
[WhiteElo "2453"]
[BlackElo "2223"]
[PlyCount "99"]
[EventDate "2007.05.06"]
[EventType "swiss"]
[EventRounds "9"]
[EventCountry "ESP"]
[Source "lmi"]
[SourceDate "2007.05.06"]

1. e4 e5 2. Bc4 Nc6 3. d3 Bc5 4. Nc3 Nf6 5. Nf3 a6 6. Bg5 h6 7. Bxf6 Qxf6 8.
Nd5 Qd8 9. c3 d6 10. b4 Ba7 11. Ne3 O-O 12. O-O Be6 13. Qb3 Qf6 14. Nd5 Bxd5
15. Bxd5 Nd8 16. Qd1 c6 17. Bb3 Ne6 18. g3 Rad8 19. Qe2 Rfe8 20. Rad1 Rd7 21.
Kh1 g6 22. Nh4 d5 23. Ng2 dxe4 24. dxe4 Rxd1 25. Bxd1 Rd8 26. Bb3 Ng5 27. f4
Nh3 28. f5 g5 29. Ne1 Rd6 30. Kg2 Ng1 31. Rxg1 Bxg1 32. Kxg1 Kg7 33. Qh5 Kf8
34. Nf3 Rd7 35. h4 gxh4 36. Qxh4 Qxh4 37. gxh4 f6 38. Bc2 c5 39. bxc5 Rc7 40.
Bb3 Rxc5 41. c4 Ke7 42. Kf2 Rc8 43. Nh2 Rd8 44. Ng4 Rd2+ 45. Ke3 Rg2 46. Kf3
Rg1 47. Nxh6 Rh1 48. c5 Rxh4 49. Ng8+ Kf8 50. Nxf6 1-0

[Event "España ch Universitario 2007"]
[Site "Cartagena ESP"]
[Date "2007.05.09"]
[Round "7.4"]
[White "Pallardo Lozoya, Jose Vicente"]
[Black "Reinaldo Castineira, Roi"]
[Result "0-1"]
[WhiteElo "2304"]
[BlackElo "2452"]
[PlyCount "70"]
[EventDate "2007.05.06"]
[EventType "swiss"]
[EventRounds "9"]
[EventCountry "ESP"]
[Source "lmi"]
[SourceDate "2007.05.06"]

1. e4 c5 2. Nf3 e6 3. d3 Nc6 4. g3 g6 5. Bg2 Bg7 6. O-O Nge7 7. h4 h6 8. Re1 d6
9. c3 e5 10. Be3 O-O 11. Qd2 Kh7 12. d4 exd4 13. cxd4 Qb6 14. dxc5 Qxb2 15.
cxd6 Qxa1 16. dxe7 Re8 17. Bc5 Qb2 18. Qd6 Rxe7 19. h5 g5 20. Nbd2 Rd7 21. Ba3
Rxd6 22. Bxb2 Bxb2 23. Nc4 g4 24. Nxd6 gxf3 25. Bxf3 Be6 26. Nxb7 Rb8 27. Nd6
Bxa2 28. e5 Nxe5 29. Be4+ Kg8 30. Nf5 Be6 31. Nxh6+ Kg7 32. f4 Kxh6 33. fxe5
Bxe5 34. Bf3 Bd4+ 35. Kg2 a5 0-1

[Event "España ch Universitario 2007"]
[Site "Cartagena ESP"]
[Date "2007.05.09"]
[Round "7.6"]
[White "Perez Candelario, Manuel"]
[Black "Rada Equiza, Miguel"]
[Result "1-0"]
[WhiteElo "2511"]
[BlackElo "2261"]
[PlyCount "49"]
[EventDate "2007.05.06"]
[EventType "swiss"]
[EventRounds "9"]
[EventCountry "ESP"]
[Source "lmi"]
[SourceDate "2007.05.06"]

1. e4 e5 2. Nf3 Nc6 3. Bb5 a6 4. Ba4 Nf6 5. O-O b5 6. Bb3 Bc5 7. c3 O-O 8. d4
Bb6 9. Nxe5 Nxe4 10. Qf3 Nf6 11. Bg5 h6 12. Bh4 g5 13. Bxg5 hxg5 14. Qf5 Nxe5
15. dxe5 Ng4 16. Qxg4 d5 17. Qg3 c6 18. Nd2 f5 19. exf6 Qxf6 20. Ne4 Qf4 21.
Qxg5+ Qxg5 22. Nxg5 Bg4 23. Bd1 Bf5 24. Bf3 a5 25. Rfd1 1-0

[Event "España ch Universitario 2007"]
[Site "Cartagena ESP"]
[Date "2007.05.09"]
[Round "7.7"]
[White "Alcazar Jimenez, Victor"]
[Black "Piay Augusto, Diego"]
[Result "0-1"]
[WhiteElo "2423"]
[BlackElo "2251"]
[PlyCount "80"]
[EventDate "2007.05.06"]
[EventType "swiss"]
[EventRounds "9"]
[EventCountry "ESP"]
[Source "lmi"]
[SourceDate "2007.05.06"]

1. e4 d5 2. exd5 Nf6 3. d4 Nxd5 4. Nf3 g6 5. c4 Nb6 6. Nc3 Bg7 7. Be2 O-O 8.
O-O Nc6 9. Be3 Bg4 10. c5 Nd5 11. h3 Bxf3 12. Bxf3 Nxe3 13. fxe3 e6 14. Qb3 Rb8
15. Rad1 Qh4 16. Kh1 Rfd8 17. Qa4 Ne7 18. e4 h5 19. Kh2 Qf4+ 20. g3 Qe3 21. Bg2
Rxd4 22. Qxa7 Nc6 23. Rf3 Qg5 24. Qa3 Rxd1 25. Nxd1 Be5 26. Kh1 Rd8 27. Nf2
Qc1+ 28. Kh2 h4 29. Ng4 hxg3+ 30. Rxg3 Bxg3+ 31. Qxg3 Qxb2 32. Qxc7 Rd2 33. Qg3
Kf8 34. a4 Qd4 35. Qf4 Rc2 36. Qh6+ Ke7 37. Qh4+ Kd7 38. Qh7 Ne5 39. Kg3 Rxc5
40. Kh4 Ke7 0-1

[Event "España ch Universitario 2007"]
[Site "Cartagena ESP"]
[Date "2007.05.09"]
[Round "7.8"]
[White "Serna Lara, Sergio"]
[Black "Gonzalez Menendez, Ivan"]
[Result "0-1"]
[WhiteElo "2251"]
[BlackElo "2401"]
[PlyCount "58"]
[EventDate "2007.05.06"]
[EventType "swiss"]
[EventRounds "9"]
[EventCountry "ESP"]
[Source "lmi"]
[SourceDate "2007.05.06"]

1. d4 Nf6 2. c4 c5 3. d5 e6 4. Nc3 exd5 5. cxd5 d6 6. Nf3 g6 7. h3 Bg7 8. e4
O-O 9. Bd3 Nh5 10. O-O a6 11. a4 Nd7 12. Re1 Re8 13. g4 Ne5 14. gxh5 Bxh3 15.
Ng5 Bg4 16. Be2 gxh5 17. f3 Bc8 18. f4 Ng4 19. Qd3 Bd4+ 20. Kg2 h6 21. Bxg4
hxg4 22. Rh1 hxg5 23. e5 f5 24. exf6 Qxf6 25. Bd2 Bf5 26. Qf1 Be4+ 27. Nxe4
Rxe4 28. fxg5 Qe5 29. Re1 Rf8 0-1

[Event "España ch Universitario 2007"]
[Site "Cartagena ESP"]
[Date "2007.05.09"]
[Round "7.9"]
[White "Pons Carreras, David"]
[Black "Andres Gonzalez, Ivan"]
[Result "1/2-1/2"]
[WhiteElo "2240"]
[BlackElo "2372"]
[PlyCount "36"]
[EventDate "2007.05.06"]
[EventType "swiss"]
[EventRounds "9"]
[EventCountry "ESP"]
[Source "lmi"]
[SourceDate "2007.05.06"]

1. Nf3 Nf6 2. c4 c5 3. g3 Nc6 4. Bg2 e5 5. Nc3 d6 6. d3 Be7 7. O-O O-O 8. Ne1
Be6 9. Bg5 Rb8 10. Nc2 h6 11. Bxf6 Bxf6 12. Nd5 g6 13. Nxf6+ Qxf6 14. Qd2 h5
15. h4 Nd4 16. Ne3 a6 17. Nd5 Bxd5 18. Bxd5 b5 1/2-1/2

[Event "España ch Universitario 2007"]
[Site "Cartagena ESP"]
[Date "2007.05.09"]
[Round "7.10"]
[White "Martinez Lozano, Miguel Angel"]
[Black "Garrido Dominguez, Jesus"]
[Result "1-0"]
[WhiteElo "2194"]
[BlackElo "2347"]
[PlyCount "95"]
[EventDate "2007.05.06"]
[EventType "swiss"]
[EventRounds "9"]
[EventCountry "ESP"]
[Source "lmi"]
[SourceDate "2007.05.06"]

1. e4 e5 2. Nf3 Nc6 3. Bb5 Nf6 4. d3 d6 5. c3 g6 6. O-O Bg7 7. Re1 O-O 8. Nbd2
a6 9. Ba4 b5 10. Bc2 Nb8 11. a4 Bb7 12. h3 Nbd7 13. b4 c6 14. Nb3 Rc8 15. Na5
Ba8 16. c4 bxc4 17. Nxc4 Qc7 18. Bb2 Nh5 19. Bb3 Qb8 20. Qd2 c5 21. b5 axb5 22.
axb5 Nf4 23. g3 Ne6 24. Qa5 Nd4 25. Nxd4 cxd4 26. Ba3 Nc5 27. Bxc5 Rxc5 28. Nb6
Bc6 29. Bc4 Be8 30. Reb1 Kh8 31. Qa7 Qd8 32. Nd5 f5 33. b6 Rc8 34. Nc7 f4 35.
Ne6 Qf6 36. g4 Rxc4 37. dxc4 Qxe6 38. b7 h5 39. b8=Q hxg4 40. Qd8 Bf6 41. Rb7
gxh3 42. f3 h2+ 43. Kh1 Qh3 44. Rh7+ Qxh7 45. Qxh7+ Kxh7 46. Ra7+ Kh6 47. Qxd6
Bg7 48. Qe7 1-0